Statistics for Marvel Superhero Alter Egos

Click here to take the quiz!

General Stats

  • This quiz has been taken 31 times
  • The average score is 12 of 13

Answer Stats

Real NameSuperhero Name% Correct
Natasha RomanoffBlack Widow
100%
Steve RogersCaptain America
100%
Bruce BannerHulk
100%
Tony StarkIron Man
100%
Peter ParkerSpider-Man
100%
Clint BartonHawkeye
97%
T'ChallaBlack Panther
94%
Wanda MaximoffScarlet Witch
90%
Peter QuillStar-Lord
90%
Carol DanversCaptain Marvel
87%
Sam WilsonFalcon
87%
Ben GrimmThe Thing
87%
James HowlettWolverine
84%

Score Distribution

Percentile by Number Answered

Percent of People with Each Score

Your Score History

You have not taken this quiz